| 000 | 00463nam a2200205Ia 4500 | ||
|---|---|---|---|
| 003 | 0100 | ||
| 008 | 130307s9999 xx 000 0 und d | ||
| 020 | _a0060416750 | ||
| 040 | _cARRUPELIB | ||
| 050 | _aBF637.C45D49 1989 | ||
| 100 | _aDevito, Joseph A | ||
| 245 | 4 | _aThe interpersonal communication book | |
| 260 | _aNew York | ||
| 260 | _bHarper and Row | ||
| 260 | _c1989 | ||
| 300 | _a522p. | ||
| 300 | _b22cm | ||
| 650 | _aPHILOSOPHY | ||
| 942 | 0 | 0 | _02 |
| 999 |
_c94500 _d94500 |
||